000 00967nam a2200241Ia 4500
003 OSt
005 20220918110852.0
006 a|||||r|||| 00| 0
007 ta
008 220915b |||||||| |||| 00| 0 hin d
020 _a817487528X (Set (hbk))
_c1650
024 _a249209
037 _b447/I, 23/10/2008, Eastern Book Linkers
_cReference Collections
040 _aARTS
_cARTS
_bhin
041 _2hin
_ahin
082 _aO152,1D40x, P7.1-.2(RR)
100 _aपाण्डेय, मिथिलेश, संपा.
245 0 _aकालिदास ग्रन्थावली
246 _aKālidās granthāvalī
260 _aनई दिल्ली
_bराधा पब्लिकेशन्स भारत
_c2007
942 _hO152,1D40x, P7.1-.2(RR)
_cREF
999 _c115373
_d115373